000
00263nam a2200121Ia 4500
082
_a
615.1
_b
Q08G
100
_a
GARRATT, D.C
245
_a
THE QUANTITATIVE ANALYSIS OF DRUGS
260
_b
CBS- DELHI
300
_a
925
650
_a
PHARMACEUTICS
942
_2
ddc
_c
BK
999
_c
7211
_d
7211